000 00450pab a2200157 454500
008 180718b2008 xxu||||| |||| 00| 0 eng d
100 _aStanford, Jim
245 _aRadical economics and social change movements: strengthening the links between academics and activists
260 _c2008
300 _ap.205-19.
362 _aSummer
650 _aSocial change
773 _aReview of Radical Political Economics
908 _aN
909 _a79803
999 _c79803
_d79803